| 000 | 01211nam a2200289Ia 4500 | ||
|---|---|---|---|
| 001 | ebr10080864 | ||
| 003 | CaPaEBR | ||
| 006 | m u | ||
| 007 | cr cn||||||||| | ||
| 008 | 030604s2003 enka sb 001 0 eng d | ||
| 020 | _z0761947035 (pbk.) | ||
| 040 |
_aCaPaEBR _cCaPaEBR |
||
| 035 | _a(OCoLC)84691454 | ||
| 050 | 1 | 4 |
_aHM1261 _b.L43 2003eb |
| 245 | 0 | 0 |
_aLeadership and power _h[electronic resource] : _bidentity processes in groups and organizations / _cedited by Daan van Knippenberg and Michael A. Hogg. |
| 260 |
_aLondon ; _aThousand Oaks, Calif. : _bSAGE, _c2003. |
||
| 300 |
_axiii, 263 p. : _bill. |
||
| 504 | _aIncludes bibliographical references (p. [224]-256) and index. | ||
| 533 |
_aElectronic reproduction. _bPalo Alto, Calif. : _cebrary, _d2009. _nAvailable via World Wide Web. _nAccess may be limited to ebrary affiliated libraries. |
||
| 650 | 0 | _aLeadership. | |
| 650 | 0 | _aPower (Social sciences) | |
| 655 | 7 |
_aElectronic books. _2local |
|
| 700 | 1 | _aKnippenberg, Daan van. | |
| 700 | 1 |
_aHogg, Michael A., _d1954- |
|
| 710 | 2 | _aebrary, Inc. | |
| 856 | 4 | 0 |
_uhttp://site.ebrary.com/lib/rucke/Doc?id=10080864 _zAn electronic book accessible through the World Wide Web; click to view |
| 999 |
_c157775 _d157775 |
||